000 00549nam a2200229Ia 4500
003 OSt
005 20220924150230.0
006 a|||||r|||| 00| 0
007 ta
008 220923b |||||||| |||| 00| 0 tel d
024 _a332450
037 _cTextual
040 _aARTS
_cARTS
_btel
041 _2tel
_atel
082 _aO35,1I12x, M2
100 _aVemana Au.
_9221623
245 0 _aPoems
260 _c1982
650 _aTELUGU POETRY
942 _hO35,1I12x, M2
_cTEXL
_2CC
999 _c462689
_d462689